000
00283 a2200121 4500
005
20260317090227.0
020
_a
9781789293159
100
_a
SHAH,V
245
_a
Thought Economics
260
_a
London
_b
Michael O'mara Books Limited
_c
2021
300
_a
288p.
_c
23.cm
942
_2
ddc
_c
BKS
999
_c
6850
_d
6850